| 000 | 00380 a2200157 4500 | ||
|---|---|---|---|
| 999 |
_c9427 _d9427 |
||
| 020 | _a9780702185113 | ||
| 050 | _aKTL511BOE2010 | ||
| 100 |
_aBoezaart Trynie _eauthor |
||
| 245 |
_aLaw of persons / _cTrynie Boezaart |
||
| 250 | _a5th ed | ||
| 264 |
_aClaremont: _bJuta, _c2010 |
||
| 300 | _a194p. : | ||
| 500 | _aincludes index | ||
| 650 | _alaw | ||
| 942 |
_2lcc _cBK _h511 _iBOE _kKTL |
||